| 000 | 01038cam a2200205 4500500 | ||
|---|---|---|---|
| 005 | 20260201085446.0 | ||
| 041 | _afre | ||
| 042 | _adc | ||
| 100 | 1 | 0 |
_aHortonéda, Jeanine _eauthor |
| 245 | 0 | 0 | _aLe désert et le labyrinthe |
| 260 | _c2007. | ||
| 500 | _a88 | ||
| 520 | _aRésuméQuelques pistes pour tenter d’éclairer l’énigme du titre proposé : Être enfermé dehors, et pour en explorer les voies paradoxales, à partir de la mise en relation de l’insistance de la pensée du dehors chez Foucault et de sa transformation en pensée nomade chez Deleuze. La notion d’auto-immunisation mise en avant par Derrida nous a semblé ouvrir sur la profondeur de cette distribution géopolitique de l’espace. | ||
| 690 | _aimmunisation et auto-immunisation | ||
| 690 | _apensée du dehors | ||
| 690 | _apensée nomade | ||
| 690 | _asociété de contrôle | ||
| 786 | 0 | _nEmpan | 66 | 2 | 2007-09-10 | p. 26-33 | 1152-3336 | |
| 856 | 4 | 1 | _uhttps://shs.cairn.info/revue-empan-2007-2-page-26?lang=fr&redirect-ssocas=7080 |
| 999 |
_c1640462 _d1640462 |
||